[Event "Bergisch Gladbach-ch"]
[Site "Bergisch Gladbach"]
[Date "2007.09.07"]
[Round "3"]
[White "Nitschke, Hans Joachim"]
[Black "Salbert, Heinrich"]
[Result "1/2-1/2"]
[WhiteElo "1629"]
[BlackElo "1934"]
[PlyCount "37"]
[EventDate "2007.08.24"]
[EventType "swiss"]
[EventRounds "7"]
[EventCountry "GER"]
[SourceTitle "EXT 2011"]
[Source "ChessBase"]
[SourceDate "2010.11.26"]
[SourceVersion "1"]
[SourceVersionDate "2010.11.26"]
[SourceQuality "1"]

1. e4 c5 2. c3 d5 3. exd5 Qxd5 4. d4 Nc6 5. Nf3 e6 6. Be3 cxd4 7. Nxd4 Nxd4 8. Qxd4 Qxd4 9. Bxd4 Bd7 10. a4 Ne7 11. f3 Nc6 12. Bf2 Be7 13. Be2 0-0 14. Na3 Rac8 15. 0-0 Rfd8 16. Nc4 Be8 17. Rfd1 f6 18. b4 a6 19. Bb6 1/2-1/2

[Event "Bergisch Gladbach-ch"]
[Site "Bergisch Gladbach"]
[Date "2006.09.15"]
[Round "4"]
[White "Nitschke, Hans Joachim"]
[Black "Sockel, Karl Heinz"]
[Result "0-1"]
[WhiteElo "1642"]
[BlackElo "1891"]
[PlyCount "64"]
[EventDate "2006.08.25"]
[EventType "swiss"]
[EventRounds "7"]
[EventCountry "GER"]
[SourceTitle "EXT 2008"]
[Source "ChessBase"]
[SourceDate "2007.11.25"]
[SourceVersion "1"]
[SourceVersionDate "2007.11.25"]
[SourceQuality "1"]

1. e4 d5 2. exd5 Qxd5 3. Nc3 Qa5 4. d4 Nf6 5. Nf3 Bf5 6. Bd2 c6 7. Bc4 e6 8. Nd5 Qd8 9. Nxf6+ gxf6 10. Qc1 Nd7 11. Nh4 Nb6 12. Be2 Bg6 13. c3 Nd5 14. Nxg6 hxg6 15. Bf4 g5 16. Bg3 Bd6 17. Bxd6 Qxd6 18. g3 0-0-0 19. Qc2 f5 20. 0-0-0 Nf6 21. Qd2 g4 22. Bd3 c5 23. dxc5 Qxc5 24. Qe2 Rd6 25. Bc2 Rxd1+ 26. Bxd1 Qd5 27. f3 gxf3 28. Qxf3 Qxa2 29. Bc2 Qa1+ 30. Bb1 Ne4 31. Qd3 Qa4 32. Rd1 Nf2 0-1